|
|
|
|
| LEADER |
00000nam0a2200000 4500 |
| 001 |
361732 |
| 005 |
20231102011422.0 |
| 035 |
|
|
|a (RuTPU)RU\TPU\retro\19078
|
| 090 |
|
|
|a 361732
|
| 100 |
|
|
|a 20210630d1979 km y0rusy50 ca
|
| 101 |
0 |
|
|a rus
|
| 102 |
|
|
|a RU
|
| 105 |
|
|
|a a z 001zy
|
| 200 |
1 |
|
|a Палеонтология и стратиграфия Дальнего Востока
|f Академия наук СССР, Геологический институт ; отв. ред. Б. В. Поярков
|
| 210 |
|
|
|a Владивосток
|c Изд-во ДВНЦ АН СССР
|d 1979
|
| 215 |
|
|
|a 154 с.
|c ил.
|
| 320 |
|
|
|a Библиогр. в конце ст.
|
| 606 |
1 |
|
|a Палеонтология
|2 stltpush
|3 (RuTPU)RU\TPU\subj\47998
|9 66880
|
| 606 |
1 |
|
|a Стратиграфия
|2 stltpush
|3 (RuTPU)RU\TPU\subj\57192
|9 75055
|
| 610 |
1 |
|
|a Дальний Восток
|
| 610 |
1 |
|
|a нижний карбон
|
| 610 |
1 |
|
|a нодозарииды
|
| 610 |
1 |
|
|a юрские отложения
|
| 610 |
1 |
|
|a Приморье
|
| 610 |
1 |
|
|a кардитиды
|
| 610 |
1 |
|
|a диатомовые водоросли
|
| 610 |
1 |
|
|a Забайкалье
|
| 610 |
1 |
|
|a флора
|
| 610 |
1 |
|
|a брюхоногие
|
| 610 |
1 |
|
|a верхнемеловые отложения
|
| 675 |
|
|
|a 56
|v 4
|
| 675 |
|
|
|a 551.7
|v 4
|
| 702 |
|
1 |
|a Поярков
|b Б. В.
|4 340
|
| 712 |
0 |
2 |
|a Академия наук СССР
|b Геологический институт
|c (Москва)
|2 stltpush
|3 (RuTPU)RU\TPU\col\11354
|9 25059
|
| 801 |
|
1 |
|a RU
|b 63413507
|c 20210630
|
| 942 |
|
|
|c BK
|